| 000 | 01163nam a2200313Ia 4500 | ||
|---|---|---|---|
| 003 | OSt | ||
| 005 | 20221007125139.0 | ||
| 006 | a|||||r|||| 00| 0 | ||
| 007 | ta | ||
| 008 | 221006b |||||||| |||| 00| 0 eng d | ||
| 020 |
_a0306434474(Pt A) (pbk) _c _ 90.00 (set) |
||
| 024 | _a5072 | ||
| 037 |
_bEducational, _cTextual |
||
| 040 |
_aCDL _cCDL _beng |
||
| 041 |
_2eng _aeng |
||
| 082 | _aE5, M3.A;4 | ||
| 100 |
_aCarey Francis A _9615084 |
||
| 245 | 0 |
_aAdvanced organic chemistry by Francis A Carey and Richard J Sundberg _b Sundberg Richard J |
|
| 250 | _aEd 3 | ||
| 260 |
_aNew _bYork Plenum Press _c1990 |
||
| 300 |
_a2 V _ccm. |
||
| 490 | _vPt A. Structure and mechanism(axxx, 802p) | ||
| 500 | _aIncludes bibliographical references; ^n23/CSL/Carc/97-98/6086^d1998-03-11^mPurchase; ; 97-98/411^b1998-03-16^cEBA/266/97-98^d1998-03-12^eEducational Book Agency (India); ; 1998-03-19^bSB^c1998-03-19^dSB^r1998-04-04 | ||
| 650 | _a Organic | ||
| 650 | _aChemistry | ||
| 700 |
_a Sundberg Richard J _9615085 |
||
| 942 |
_hE5, M3.A;4 _cTEXL _2CC |
||
| 999 |
_c1214754 _d1214754 |
||